Statistiques concernant Les équipes ayant battu la Belgique au Football

Cliquez ici pour prendre le quiz!

Statistiques générales

  • Ce quiz a été pris 1 607 fois
  • Le résultat moyen est 11 sur 18

Statistiques - réponses

Nombre de victoiresAdversaire% Correct
4France
100%
2Argentine
90%
2Allemagne
89%
2Allemagne de l'Ouest
89%
1Brésil
89%
1Espagne
85%
4Italie
85%
1Maroc
85%
1Angleterre
80%
1Etats-Unis
51%
1Pologne
49%
1Pays de Galles
45%
1Danemark
44%
1Mexique
44%
2Union Soviétique
39%
1Turquie
31%
1Paraguay
14%
1Arabie Saoudite
10%

Distribution des résultats

Percentile par nombre de réponses

% des personnes avec chaque résultat

Votre développement - résultats

Vous n’avez pas pris ce quiz